000 00364pab a2200145 454500
008 180718b1988 xxu||||| |||| 00| 0 eng d
100 _aAlagh, Yoginder K.
245 _aPesticides in Indian Agriculture
260 _c1988
300 _a1959-64
362 _a17 Sept.
650 _aPesticides - India
773 _aEconomic and Political Weekly
909 _a15042
999 _c15042
_d15042